Alchýmia peňazí ako banky tvoria peniaze...zo vzduchu
Salvato in:
| Autore principale: | |
|---|---|
| Natura: | Libro |
| Lingua: | slovacco |
| Pubblicazione: |
[Kežmarok]
TORDEN
2021
|
| Edizione: | 1. vydanie |
| Soggetti: | |
| Tags: |
Nessun Tag, puoi essere il primo ad aggiungerne!!
|
MARC
| LEADER | 00000nam a2200000 4500 | ||
|---|---|---|---|
| 001 | 0296776 | ||
| 005 | 20240509111739.6 | ||
| 020 | |a 978-80-8223-052-2 | ||
| 041 | 0 | |a slo | |
| 044 | |a SK | ||
| 245 | 1 | 0 | |a Alchýmia peňazí |b ako banky tvoria peniaze...zo vzduchu |c Valentin J. Katasonov |
| 250 | |a 1. vydanie | ||
| 264 | 1 | |a [Kežmarok] |b TORDEN |c 2021 | |
| 300 | |a 288 s. | ||
| 500 | |a Na titulnom liste je uvedené meno autora ako Valentín Katasanov. | ||
| 610 | 2 | 0 | |a trh finančný medzinárodný |
| 610 | 2 | 0 | |a trh peňažný medzinárodný |
| 610 | 2 | 0 | |a peniaze |
| 610 | 2 | 0 | |a emisia |
| 610 | 2 | 0 | |a bankovníctvo |
| 610 | 2 | 0 | |a Rusko |
| 100 | 1 | |a Katasonov, Valentin Jurjevič | |